Drzewo państw - Statystyki

Ogólne statystyki
  • Ten quiz został rozwiązany 15 razy
  • Średni wynik to 10 z 15
Odpowiedzi na mapie
Odpowiedzi zakodowano w zielono-czerwonej skali na mapie do tego quizu, zgodnie z poniższymi procentami.
 
Statystyki odpowiedzi
Państwa % Poprawnych
Niemcy
100%
Chiny
92%
Hiszpania
92%
Argentyna
75%
Libia
75%
Turcja
75%
Iran
67%
Botswana
58%
Islandia
58%
Kazachstan
58%
Kolumbia
58%
Mauretania
58%
Afganistan
50%
Boliwia
50%
Rumunia
50%
Nie znaleziono quizów pasujących do podanych kryteriów
Rozkład punktacji
Procent ludzi z każdym wynikiem
Percentyl według liczby udzielonych odpowiedzi
Twoja historia wyników
Nie rozwiązałeś tego quizu